000 00457nam a2200181Ia 4500
001 8061
003 IN-NITTTR
005 20251114233034.0
008 251113s9999||||xx |||||||||||||| ||eng||
040 _beng
040 _cIN-NITTTR
041 _aeng
082 _a614.7 F844M
100 _aFranke, Robert G.
245 0 _aMan and the changing environment. /
_cFranke, Robert G., Franke, Dorothy N.
700 _a Franke, Dorothy N.
942 _2ddc
_cBK
999 _c10699
_d10699